000 00524nam a2200181Ia 4500
003 OSt
005 20200827121258.0
008 190216s9999||||xx |||||||||||||| ||und||
020 _a9788120348325
040 _coclc
082 _a535.84
_bTHA/A
100 _aThakur, S N
_94390
245 0 _aAtom, Laser And Spectroscopy /
_cS N Thakur ; D K Rai
250 _a2nd Ed.
260 _bPhi Learning Private Limited,
_c2013.
_aDelhi:
300 _a375p
942 _cBK
_2ddc
_h535.84
_iTHA/A
_k535.84
_mTHA/A
999 _c34542
_d34542